000
00289nam a22001217a 4500
008
180314b xxu||||| |||| 00| 0 eng d
041
_a
eng
080
_a
030
100
_a
24
101
_a
gju
245
_a
websters seventh new collegiate dictionary
_c
merriam.g..c
942
_2
udc
_c
BK
999
_c
44939
_d
44939